000 00563nam a2200229Ia 4500
003 OSt
005 20220928111220.0
006 a|||||r|||| 00| 0
007 ta
008 220927b |||||||| |||| 00| 0 eng d
024 _a26302
037 _cTextual
040 _aSDCL
_cSDCL
_beng
041 _2eng
_aeng
082 _aO15,1NKLx, L9
100 _aKrishnalal
245 0 _aShatdalam.
260 _aDelhi
_bVibhuvebhavam
_c1979
300 _a68p
_ccm.
942 _hO15,1NKLx, L9
_cTEXL
_2CC
999 _c739126
_d739126